Dataset Open Access

Data publication: Application of a spherically averaged pair potential in ab initio path integral Monte Carlo simulations of the warm dense electron gas

Dornheim, Tobias; Chuna, Thomas Michael; Bellenbaum, Hannah; Moldabekov, Zhandos; Tolias, Panagiotis; Vorberger, Jan


MARC21 XML Export

<?xml version='1.0' encoding='UTF-8'?>
<record xmlns="http://www.loc.gov/MARC21/slim">
  <leader>00000nmm##2200000uu#4500</leader>
  <datafield tag="856" ind1="4" ind2=" ">
    <subfield code="s">34109</subfield>
    <subfield code="u">https://rodare.hzdr.de/record/3959/files/Fig10_a.txt</subfield>
    <subfield code="z">md5:60ec1f3e110103b0643e531d8ab28064</subfield>
  </datafield>
  <datafield tag="856" ind1="4" ind2=" ">
    <subfield code="s">42781</subfield>
    <subfield code="u">https://rodare.hzdr.de/record/3959/files/Fig10_b.txt</subfield>
    <subfield code="z">md5:c5fb1abcbf147c5e8b202338d9d38b52</subfield>
  </datafield>
  <datafield tag="856" ind1="4" ind2=" ">
    <subfield code="s">1201</subfield>
    <subfield code="u">https://rodare.hzdr.de/record/3959/files/Fig11_a.txt</subfield>
    <subfield code="z">md5:71e585a9ee3c02f782e6cbef9470b17a</subfield>
  </datafield>
  <datafield tag="856" ind1="4" ind2=" ">
    <subfield code="s">590</subfield>
    <subfield code="u">https://rodare.hzdr.de/record/3959/files/Fig11_b.txt</subfield>
    <subfield code="z">md5:160709677c1a68bf6158db4f09a98079</subfield>
  </datafield>
  <datafield tag="856" ind1="4" ind2=" ">
    <subfield code="s">7670</subfield>
    <subfield code="u">https://rodare.hzdr.de/record/3959/files/Fig14.txt</subfield>
    <subfield code="z">md5:2867444996ef08f81141fcebcc8f0947</subfield>
  </datafield>
  <datafield tag="856" ind1="4" ind2=" ">
    <subfield code="s">12435</subfield>
    <subfield code="u">https://rodare.hzdr.de/record/3959/files/Fig2_a.txt</subfield>
    <subfield code="z">md5:c8d5eb68451a2d6900c8fdcc4aaa53c2</subfield>
  </datafield>
  <datafield tag="856" ind1="4" ind2=" ">
    <subfield code="s">14375</subfield>
    <subfield code="u">https://rodare.hzdr.de/record/3959/files/Fig2_b.txt</subfield>
    <subfield code="z">md5:7d3f33294222a632628b6f3180153039</subfield>
  </datafield>
  <datafield tag="856" ind1="4" ind2=" ">
    <subfield code="s">305</subfield>
    <subfield code="u">https://rodare.hzdr.de/record/3959/files/Fig3_a.txt</subfield>
    <subfield code="z">md5:281bc3e54041eb885cbb276e7aa0cc5f</subfield>
  </datafield>
  <datafield tag="856" ind1="4" ind2=" ">
    <subfield code="s">307</subfield>
    <subfield code="u">https://rodare.hzdr.de/record/3959/files/Fig3_b.txt</subfield>
    <subfield code="z">md5:cce6dd01f3ddafe56e2da094c16bd699</subfield>
  </datafield>
  <datafield tag="856" ind1="4" ind2=" ">
    <subfield code="s">14533</subfield>
    <subfield code="u">https://rodare.hzdr.de/record/3959/files/Fig4_a.txt</subfield>
    <subfield code="z">md5:fd757288ed0e79b0c242bd54acda851d</subfield>
  </datafield>
  <datafield tag="856" ind1="4" ind2=" ">
    <subfield code="s">14484</subfield>
    <subfield code="u">https://rodare.hzdr.de/record/3959/files/Fig4_b.txt</subfield>
    <subfield code="z">md5:9be29781bdd0190e98cf83e51a5f1e9a</subfield>
  </datafield>
  <datafield tag="856" ind1="4" ind2=" ">
    <subfield code="s">21711</subfield>
    <subfield code="u">https://rodare.hzdr.de/record/3959/files/Fig4_c.txt</subfield>
    <subfield code="z">md5:6d456d563dc6d9185ab50aeea470ffc0</subfield>
  </datafield>
  <datafield tag="856" ind1="4" ind2=" ">
    <subfield code="s">21723</subfield>
    <subfield code="u">https://rodare.hzdr.de/record/3959/files/Fig4_d.txt</subfield>
    <subfield code="z">md5:e278f64632df37c6a9510b4fbc27b04d</subfield>
  </datafield>
  <datafield tag="856" ind1="4" ind2=" ">
    <subfield code="s">34136</subfield>
    <subfield code="u">https://rodare.hzdr.de/record/3959/files/Fig5_a.txt</subfield>
    <subfield code="z">md5:ff3c13b6e37c95064d86678f543fed97</subfield>
  </datafield>
  <datafield tag="856" ind1="4" ind2=" ">
    <subfield code="s">34160</subfield>
    <subfield code="u">https://rodare.hzdr.de/record/3959/files/Fig5_b.txt</subfield>
    <subfield code="z">md5:f6a9024c0104bc1d2dc573e99c561a88</subfield>
  </datafield>
  <datafield tag="856" ind1="4" ind2=" ">
    <subfield code="s">12562</subfield>
    <subfield code="u">https://rodare.hzdr.de/record/3959/files/Fig6.txt</subfield>
    <subfield code="z">md5:4e0ff3a4253da7c9c446071797fb0657</subfield>
  </datafield>
  <datafield tag="856" ind1="4" ind2=" ">
    <subfield code="s">801</subfield>
    <subfield code="u">https://rodare.hzdr.de/record/3959/files/Fig7_a.txt</subfield>
    <subfield code="z">md5:a80f0280bb5594366e8fb80623760c56</subfield>
  </datafield>
  <datafield tag="856" ind1="4" ind2=" ">
    <subfield code="s">395</subfield>
    <subfield code="u">https://rodare.hzdr.de/record/3959/files/Fig7_b.txt</subfield>
    <subfield code="z">md5:9c5c112613cff639ff6ba35af6ade870</subfield>
  </datafield>
  <datafield tag="856" ind1="4" ind2=" ">
    <subfield code="s">20530</subfield>
    <subfield code="u">https://rodare.hzdr.de/record/3959/files/Fig8_a.txt</subfield>
    <subfield code="z">md5:ec0a9b54e0d9b591ce92109ae03d8433</subfield>
  </datafield>
  <datafield tag="856" ind1="4" ind2=" ">
    <subfield code="s">24575</subfield>
    <subfield code="u">https://rodare.hzdr.de/record/3959/files/Fig8_b.txt</subfield>
    <subfield code="z">md5:9c7754401bd3e2274f10ab4e47a14afa</subfield>
  </datafield>
  <datafield tag="856" ind1="4" ind2=" ">
    <subfield code="s">27190</subfield>
    <subfield code="u">https://rodare.hzdr.de/record/3959/files/Fig8_c.txt</subfield>
    <subfield code="z">md5:d686b01e39dcab60a905fe64d97205ce</subfield>
  </datafield>
  <datafield tag="856" ind1="4" ind2=" ">
    <subfield code="s">31956</subfield>
    <subfield code="u">https://rodare.hzdr.de/record/3959/files/Fig8_d.txt</subfield>
    <subfield code="z">md5:ae97539c87802ae6a77e874f99ed2122</subfield>
  </datafield>
  <datafield tag="700" ind1=" " ind2=" ">
    <subfield code="a">Chuna, Thomas Michael</subfield>
    <subfield code="0">(orcid)0000-0001-8400-4495</subfield>
  </datafield>
  <datafield tag="700" ind1=" " ind2=" ">
    <subfield code="a">Bellenbaum, Hannah</subfield>
    <subfield code="0">(orcid)0009-0006-6530-1017</subfield>
  </datafield>
  <datafield tag="700" ind1=" " ind2=" ">
    <subfield code="a">Moldabekov, Zhandos</subfield>
    <subfield code="0">(orcid)0000-0002-9725-9208</subfield>
  </datafield>
  <datafield tag="700" ind1=" " ind2=" ">
    <subfield code="a">Tolias, Panagiotis</subfield>
    <subfield code="u">KTH Stockholm</subfield>
  </datafield>
  <datafield tag="700" ind1=" " ind2=" ">
    <subfield code="a">Vorberger, Jan</subfield>
    <subfield code="0">(orcid)0000-0001-5926-9192</subfield>
  </datafield>
  <datafield tag="245" ind1=" " ind2=" ">
    <subfield code="a">Data publication: Application of a spherically averaged pair potential in ab initio path integral Monte Carlo simulations of the warm dense electron gas</subfield>
  </datafield>
  <datafield tag="909" ind1="C" ind2="O">
    <subfield code="o">oai:rodare.hzdr.de:3959</subfield>
    <subfield code="p">openaire_data</subfield>
    <subfield code="p">user-rodare</subfield>
  </datafield>
  <datafield tag="520" ind1=" " ind2=" ">
    <subfield code="a">&lt;p&gt;This repository contains the direct PIMC simulation results in the same format as they are presented in the article &amp;quot;Application of a spherically averaged pair potential in ab initio path integral Monte Carlo simulations of the warm dense electron gas&amp;quot;&lt;/p&gt;</subfield>
  </datafield>
  <datafield tag="540" ind1=" " ind2=" ">
    <subfield code="u">https://creativecommons.org/licenses/by/4.0/legalcode</subfield>
    <subfield code="a">Creative Commons Attribution 4.0 International</subfield>
  </datafield>
  <datafield tag="980" ind1=" " ind2=" ">
    <subfield code="a">dataset</subfield>
  </datafield>
  <controlfield tag="005">20250902111927.0</controlfield>
  <datafield tag="773" ind1=" " ind2=" ">
    <subfield code="a">https://www.hzdr.de/publications/Publ-41788</subfield>
    <subfield code="i">isIdenticalTo</subfield>
    <subfield code="n">url</subfield>
  </datafield>
  <datafield tag="773" ind1=" " ind2=" ">
    <subfield code="a">https://www.hzdr.de/publications/Publ-41189</subfield>
    <subfield code="i">isReferencedBy</subfield>
    <subfield code="n">url</subfield>
  </datafield>
  <datafield tag="773" ind1=" " ind2=" ">
    <subfield code="a">10.14278/rodare.3958</subfield>
    <subfield code="i">isVersionOf</subfield>
    <subfield code="n">doi</subfield>
  </datafield>
  <datafield tag="260" ind1=" " ind2=" ">
    <subfield code="c">2025-09-02</subfield>
  </datafield>
  <controlfield tag="001">3959</controlfield>
  <datafield tag="024" ind1=" " ind2=" ">
    <subfield code="a">10.14278/rodare.3959</subfield>
    <subfield code="2">doi</subfield>
  </datafield>
  <datafield tag="650" ind1="1" ind2="7">
    <subfield code="a">cc-by</subfield>
    <subfield code="2">opendefinition.org</subfield>
  </datafield>
  <datafield tag="542" ind1=" " ind2=" ">
    <subfield code="l">open</subfield>
  </datafield>
  <datafield tag="100" ind1=" " ind2=" ">
    <subfield code="a">Dornheim, Tobias</subfield>
    <subfield code="0">(orcid)0000-0001-7293-6615</subfield>
  </datafield>
  <datafield tag="980" ind1=" " ind2=" ">
    <subfield code="a">user-rodare</subfield>
  </datafield>
</record>
509
535
views
downloads
All versions This version
Views 509509
Downloads 535535
Data volume 9.2 MB9.2 MB
Unique views 475475
Unique downloads 260260

Share

Cite as